000 00743nam a2200205 a 4500
003 0
005 20250312090602.0
008 080725s19uu xx 00 eng d
050 _aPGS BF 723.S3
_b.J61 2008
100 _aJin, Lee Jae.
245 _aSelf-esteem of children with and without parents /
_cLee Jae Jin.
260 _aLas PiƱas City, Philippines :
_bSouthville International School and Colleges,
_c2008.
300 _a22 pages :
_billustrations ;
_c28 cm.
504 _aIncludes bibliographical references.
650 _aSelf-esteem in children.
650 _aChildren
_vPsychology.
650 _aSingle-parent families
_vPsychological aspects.
650 _aParent and child
_vPsychological aspects.
942 _2lcc
_cPASS
999 _c97931
_d97931